000 00426 a2200145 4500
999 _c1791
_d1791
020 _a9789351111207
050 _aHF 352 SAX 2013
100 _aSaxena, Manoj
_eauthor
245 _aCommercial agriculture:
_btheory and practice /
_cManoj Saxena
264 _aNew Delhi :
_b Random Publications,
_c 2013
300 _a280p.
500 _aincludes index
650 _aAgriculture
_xEconomic aspects
942 _2lcc
_cBK
_h352
_iSAX
_kHF